000 02337nam0a2200373 4500
001 RU\NLR\BIBL_A\011364938
005 20240922002553.0
010 _a9785778231160
_9100
021 _aRU
_b2017-17154
_91267
035 _a(RuMoRGB)008796188
035 _a(NLR Aleph) 011364938
090 _a11319459
_c11319459
100 _a20170411d2016 k y0rusy50 ca
101 0 _arus
_deng
102 _aRU
105 _aa|||zzzz100zy
200 1 _aФундаментальные и прикладные исследования
_eсборник научных трудов
_e[по материалам всероссийской конференции молодых ученых
_fпод ред. Е.Г. Гуровой, С.В. Макарова]
210 _aНовосибирск
_cИзд-во НГТУ
_d2016
215 _a200 с.
_cил.
_d20
300 _aВ надзаг.: Совет ректоров высших учебных заведений Новосибирской области, Министерство образования, науки и инновационной политики Новосибирской области, Межвузовский центр содействия научной и инновационной деятельности студентов и молодых ученых Новосибирской области
300 _aРез. на англ. яз.
320 _aБиблиогр. в конце ст.
606 1 _aНаучные конференции
_jСборники
_yНовосибирск, город
_92620100
_3RU\NLR\AUTH\661556660
675 _a082
686 _aЯ431(2Р)3
_2rubbk
686 1 _aЯ431(2Р-4Но-2Н)
702 1 _aГурова
_bЕ. Г.
_gЕлена Геннадьевна
_4340
711 1 2 _a"Фундаментальные и прикладные исследования", всероссийская конференция молодых ученых
_d2
_eНовосибирск
_f2016
_9553451
_3RU\NLR\AUTH\880444875
712 0 2 _4570
_aСовет ректоров высших учебных заведений Новосибирской области
_9520658
_3RU\NLR\AUTH\880428051
942 _cBOOK
980 _aNBR